| 000 | 00754nam a22002537a 4500 | ||
|---|---|---|---|
| 003 | OSt | ||
| 005 | 20211223104316.0 | ||
| 008 | 211222b |||||||| |||| 00| 0 eng d | ||
| 020 | _aT165 | ||
| 040 | _cSTCPL | ||
| 041 | _aENG | ||
| 082 |
_a510 _bANI-D |
||
| 100 | _aAnitha Thomas | ||
| 110 | _aGuided by M.S. Samuel | ||
| 111 | _aMahatma Gandhi University Kottayam, Department of Mathematics, St. Thomas College Palai | ||
| 245 |
_aDevelopment of generalized special functions of scalar and matrix argument / _cby Anitha Thomas |
||
| 260 |
_aPala : _cDecember 2011 |
||
| 300 |
_a106p. _bHB |
||
| 650 | _aMathematics | ||
| 856 | _uhttps://shodhganga.inflibnet.ac.in/handle/10603/25773 | ||
| 942 | _cTHE | ||
| 942 |
_2ddc _n0 |
||
| 942 |
_2ddc _n0 |
||
| 999 |
_c75477 _d75477 |
||